[Event "SVK-ch U18"]
[Site "Tatralandia"]
[Date "2015.04.24"]
[Round "8"]
[White "Volna, Lukas"]
[Black "Jakubik, Matej"]
[Result "1-0"]
[WhiteElo "1881"]
[BlackElo "1733"]
[PlyCount "85"]
[EventDate "2015.04.18"]
[EventType "swiss"]
[EventRounds "9"]
[EventCountry "SVK"]
[SourceTitle "CBM 166 Extra"]
[Source "ChessBase"]
[SourceDate "2015.06.18"]
[SourceVersion "1"]
[SourceVersionDate "2015.06.18"]
[SourceQuality "1"]

1. c4 Nf6 2. Nc3 g6 3. f4 c5 4. Nf3 Nc6 5. e4 d6 6. Be2 Bg7 7. 0-0 0-0 8. d3 Bd7 9. a3 a6 10. h3 Nd4 11. Be3 Ne8 12. g4 e6 13. Bf2 Bc6 14. Nxd4 cxd4 15. Nb1 b5 16. cxb5 axb5 17. Nd2 Qb6 18. Rc1 Qb7 19. Qb3 Kh8 20. Bf3 e5 21. Bg3 Rc8 22. Kh2 f6 23. f5 Qf7 24. Bd1 Bh6 25. Rf2 Be3 26. Rg2 Ng7 27. Qxf7 Rxf7 28. Bb3 Rfc7 29. Rc2 gxf5 30. gxf5 Nh5 31. Bh4 Bxd2 32. Rcxd2 Rf8 33. Rc2 h6 34. Be1 Nf4 35. Rg3 Rcc8 36. Bd2 d5 37. Bxf4 exf4 38. Rg6 dxe4 39. Rxh6+ Kg7 40. Rg6+ Kh7 41. Rcg2 Be8 42. R6g4 Kh6 43. Rh4+ 1-0

[Event "SVK-ch U18"]
[Site "Tatralandia"]
[Date "2015.04.21"]
[Round "5"]
[White "Volna, Lukas"]
[Black "Adamciak, Tomas"]
[Result "1/2-1/2"]
[WhiteElo "1881"]
[BlackElo "2003"]
[PlyCount "80"]
[EventDate "2015.04.18"]
[EventType "swiss"]
[EventRounds "9"]
[EventCountry "SVK"]
[SourceTitle "CBM 166 Extra"]
[Source "ChessBase"]
[SourceDate "2015.06.18"]
[SourceVersion "1"]
[SourceVersionDate "2015.06.18"]
[SourceQuality "1"]

1. f4 Nf6 2. Nf3 g6 3. Nc3 Bg7 4. e4 d6 5. d4 0-0 6. Bd3 Nbd7 7. 0-0 e5 8. fxe5 dxe5 9. dxe5 Ng4 10. Bg5 f6 11. exf6 Bxf6 12. Bxf6 Qxf6 13. Nd5 Qd6 14. Bc4 Nde5 15. Ne7+ Kg7 16. Qxd6 cxd6 17. Nxe5 Nxe5 18. Bb3 Bg4 19. Nd5 Be2 20. Rfe1 Bg4 21. Rf1 Be2 22. Rfe1 Bg4 23. h3 Bd7 24. Re3 Rac8 25. Rc3 Rc5 26. Rf1 Rxf1+ 27. Kxf1 Bb5+ 28. Kf2 Rxc3 29. Nxc3 Bc4 30. Bxc4 Nxc4 31. b3 Na3 32. Ke2 Nxc2 33. Nb5 Nb4 34. Nxd6 Nxa2 35. Kd2 Kf6 36. Nxb7 Ke5 37. Ke3 Nb4 38. Na5 Nc2+ 39. Kd2 Nb4 40. Ke3 Nc2+ 1/2-1/2

[Event "SVK-ch U18"]
[Site "Tatralandia"]
[Date "2015.04.20"]
[Round "3"]
[White "Volna, Lukas"]
[Black "Koval, Jakub"]
[Result "1-0"]
[WhiteElo "1881"]
[BlackElo "1859"]
[PlyCount "51"]
[EventDate "2015.04.18"]
[EventType "swiss"]
[EventRounds "9"]
[EventCountry "SVK"]
[SourceTitle "CBM 166 Extra"]
[Source "ChessBase"]
[SourceDate "2015.06.18"]
[SourceVersion "1"]
[SourceVersionDate "2015.06.18"]
[SourceQuality "1"]

1. e4 d6 2. d4 Nf6 3. Nc3 g6 4. f4 Bg7 5. Nf3 c6 6. Bd3 0-0 7. 0-0 Bg4 8. Be3 b5 9. h3 Bd7 10. Qe1 a5 11. e5 dxe5 12. fxe5 Nd5 13. Nxd5 cxd5 14. Qh4 Na6 15. Bh6 Nb4 16. Bxg6 fxg6 17. Ng5 Rf5 18. Bxg7 h5 19. g4 Kxg7 20. gxf5 Nxc2 21. fxg6 Kxg6 22. Qf2 Kxg5 23. Qd2+ Kh4 24. Qf4+ Bg4 25. hxg4 Qg8 26. g5+ 1-0

[Event "SVK-ch U18"]
[Site "Tatralandia"]
[Date "2015.04.18"]
[Round "1"]
[White "Volna, Lukas"]
[Black "Gasa, Patrik"]
[Result "0-1"]
[WhiteElo "1881"]
[BlackElo "2122"]
[PlyCount "64"]
[EventDate "2015.04.18"]
[EventType "swiss"]
[EventRounds "9"]
[EventCountry "SVK"]
[SourceTitle "CBM 166 Extra"]
[Source "ChessBase"]
[SourceDate "2015.06.18"]
[SourceVersion "1"]
[SourceVersionDate "2015.06.18"]
[SourceQuality "1"]

1. c4 f5 2. Nc3 Nf6 3. g3 e5 4. d3 Be7 5. Bg2 c6 6. e4 d6 7. Nge2 0-0 8. 0-0 Be6 9. Kh1 fxe4 10. Nxe4 Nxe4 11. Bxe4 Bh3 12. Bg2 Bxg2+ 13. Kxg2 c5 14. Nc3 Nc6 15. Be3 Qd7 16. Nd5 Rf7 17. f4 Raf8 18. Qd2 Bf6 19. Kg1 Bd8 20. a3 Bf6 21. Rae1 exf4 22. Nxf6+ Rxf6 23. Bxf4 Nd4 24. Qg2 h6 25. Qd5+ Qf7 26. Qxf7+ R8xf7 27. Kg2 g5 28. Be3 Nc2 29. Rxf6 Nxe1+ 30. Kf2 Nxd3+ 31. Ke2 Rxf6 32. Kxd3 Kf7 0-1

[Event "Zilina-ch"]
[Site "Zilina"]
[Date "2014.05.10"]
[Round "3"]
[White "Volna, Lukas"]
[Black "Cibikova, Sofia Anna"]
[Result "1-0"]
[WhiteElo "1859"]
[BlackElo "1490"]
[PlyCount "97"]
[EventDate "2014.05.09"]
[EventType "swiss"]
[EventRounds "6"]
[EventCountry "SVK"]
[SourceTitle "CBM 160 Extra"]
[Source "ChessBase"]
[SourceDate "2014.07.01"]
[SourceVersion "1"]
[SourceVersionDate "2014.07.01"]
[SourceQuality "1"]

1. b3 e5 2. Bb2 Nc6 3. e3 d5 4. Be2 Nf6 5. Nf3 e4 6. Nd4 Nxd4 7. Bxd4 c5 8. Bb2 g6 9. Bb5+ Ke7 10. 0-0 Bg7 11. d4 a6 12. Be2 cxd4 13. Bxd4 b6 14. Nc3 Be6 15. Na4 b5 16. Nc5 Qd6 17. Nxe6 Qxe6 18. Bc5+ Kd7 19. Rc1 Rhc8 20. Bd4 Ke7 21. Qd2 Kf8 22. Rfd1 Rd8 23. c4 dxc4 24. bxc4 bxc4 25. Qb4+ Kg8 26. Bxc4 Qe8 27. Bb3 Nd5 28. Qa5 Bxd4 29. Bxd5 Bg7 30. Bxa8 Rxa8 31. Rc7 Bf6 32. Rcd7 Rb8 33. g3 Qc8 34. Qd5 Qe8 35. Qd6 Bg7 36. Rd8 Rxd8 37. Qxd8 Qxd8 38. Rxd8+ Bf8 39. Ra8 Kg7 40. Rxa6 f5 41. a4 Bb4 42. a5 Bc5 43. Rc6 Bb4 44. a6 Kf8 45. a7 Kg8 46. Rc7 Bf8 47. a8Q h5 48. Qe8 Kh8 49. Qxf8# 1-0

[Event "Zilina-ch"]
[Site "Zilina"]
[Date "2014.05.09"]
[Round "1"]
[White "Volna, Lukas"]
[Black "Tomcik, Milan"]
[Result "0-1"]
[WhiteElo "1859"]
[BlackElo "2024"]
[PlyCount "50"]
[EventDate "2014.05.09"]
[EventType "swiss"]
[EventRounds "6"]
[EventCountry "SVK"]
[SourceTitle "CBM 160 Extra"]
[Source "ChessBase"]
[SourceDate "2014.07.01"]
[SourceVersion "1"]
[SourceVersionDate "2014.07.01"]
[SourceQuality "1"]

1. c4 Nf6 2. Nc3 e6 3. e3 c5 4. Nf3 d5 5. d4 Nc6 6. Be2 dxc4 7. Bxc4 Be7 8. 0-0 0-0 9. b3 a6 10. a4 cxd4 11. exd4 Nb4 12. Bb2 Nbd5 13. Rc1 b6 14. Re1 Bb7 15. Rc2 Rc8 16. Ne5 Bb4 17. Qd2 Qd6 18. Rec1 Bxc3 19. Bxc3 Ne4 20. Qd1 Nexc3 21. Rxc3 Nxc3 22. Rxc3 b5 23. Qh5 bxc4 24. Rh3 Be4 25. bxc4 Qxd4 0-1

[Event "SVK-ch U18"]
[Site "Stara Lubovna"]
[Date "2014.04.11"]
[Round "8"]
[White "Jadron, Branislav"]
[Black "Volna, Lukas"]
[Result "0-1"]
[WhiteElo "1755"]
[BlackElo "1775"]
[PlyCount "72"]
[EventDate "2014.04.05"]
[EventType "swiss"]
[EventRounds "9"]
[EventCountry "SVK"]
[SourceTitle "EXT 2016"]
[Source "ChessBase"]
[SourceDate "2015.10.08"]
[SourceVersion "1"]
[SourceVersionDate "2015.10.08"]
[SourceQuality "1"]

1. Nf3 c5 2. g3 Nc6 3. Bg2 Nf6 4. 0-0 g6 5. d4 cxd4 6. Nxd4 Bg7 7. c3 0-0 8. Re1 a6 9. a3 e5 10. Nxc6 bxc6 11. Nd2 Qc7 12. Ne4 Nxe4 13. Bxe4 Rd8 14. Bg2 d5 15. Qc2 f5 16. Bd2 Be6 17. Rad1 Rab8 18. c4 dxc4 19. Bc3 e4 20. Rxd8+ Rxd8 21. Bf1 e3 22. fxe3 Bd5 23. Bg2 Qe7 24. e4 Bxc3 25. Qxc3 fxe4 26. e3 Rb8 27. Bf1 Rb3 28. Qd4 Qg7 29. Qc5 Rb5 30. Qd4 Qxd4 31. exd4 Rxb2 32. Rc1 e3 33. Bxc4 Rg2+ 34. Kh1 Ra2+ 35. Kg1 Bxc4 36. Rxc4 Ra1+ 0-1

[Event "Senica op 02"]
[Site "Senica"]
[Date "2014.02.27"]
[Round "5"]
[White "Ulehla, Jakub"]
[Black "Volna, Lukas"]
[Result "0-1"]
[WhiteElo "1111"]
[BlackElo "1838"]
[PlyCount "100"]
[EventDate "2014.02.24"]
[EventType "swiss"]
[EventRounds "7"]
[EventCountry "SVK"]
[SourceTitle "CBM 159 Extra"]
[Source "ChessBase"]
[SourceDate "2014.04.24"]
[SourceVersion "1"]
[SourceVersionDate "2014.04.24"]
[SourceQuality "1"]

1. e4 d5 2. exd5 Nf6 3. Nc3 Nxd5 4. Be2 Nc6 5. Nf3 Bf5 6. d4 e6 7. Nxd5 Qxd5 8. 0-0 0-0-0 9. Be3 f6 10. c4 Qd7 11. c5 Bg4 12. Bb5 Qd5 13. Bxc6 Qxc6 14. Ne5 Bxd1 15. Nxc6 bxc6 16. Raxd1 Rd5 17. Rfe1 Be7 18. b4 Rhd8 19. Rc1 f5 20. f4 Bf6 21. a3 Kd7 22. h3 Bxd4 23. Bxd4 Rxd4 24. g3 Ke7 25. Kf2 Rd3 26. Re3 Kf6 27. Rc3 Rxc3 28. Rxc3 Rd5 29. Ke2 h6 30. h4 g5 31. hxg5+ hxg5 32. fxg5+ Kxg5 33. Re3 e5 34. Kf3 e4+ 35. Ke2 Kg4 36. Rc3 Rd3 37. Rc1 Rxa3 38. Rb1 Kxg3 39. Rg1+ Kf4 40. Rg7 Ra2+ 41. Ke1 Ke3 42. Rg3+ Kd4 43. Rg5 f4 44. Rg7 Ke3 45. Kf1 f3 46. Kg1 Rg2+ 47. Rxg2 fxg2 48. Kxg2 Kd2 49. Kf2 e3+ 50. Kf1 e2+ 0-1

[Event "Wch U16"]
[Site "Al Ain"]
[Date "2013.12.20"]
[Round "3"]
[White "Carneiro, Vitor Roberto Castr"]
[Black "Volna, Lukas"]
[Result "1-0"]
[WhiteElo "2277"]
[BlackElo "1833"]
[PlyCount "61"]
[EventDate "2013.12.18"]
[EventType "swiss"]
[EventRounds "11"]
[EventCountry "UAE"]
[SourceTitle "CBM 158 Extra"]
[Source "ChessBase"]
[SourceDate "2014.02.28"]
[SourceVersion "1"]
[SourceVersionDate "2014.02.28"]
[SourceQuality "1"]

1. c4 Nf6 2. g3 e6 3. Bg2 c5 4. Nf3 Nc6 5. 0-0 Be7 6. b3 Qc7 7. Bb2 b6 8. e3 Bb7 9. Nc3 a6 10. d4 cxd4 11. exd4 0-0 12. d5 Nb8 13. Re1 Bb4 14. Rc1 Re8 15. a3 Bf8 16. Ne4 Nxe4 17. Rxe4 d6 18. Rh4 e5 19. Ng5 Be7 20. Qh5 Bxg5 21. Qxg5 f6 22. Qf5 g6 23. Qxf6 Nd7 24. Qg5 Nc5 25. Bc3 Bc8 26. f4 Bf5 27. g4 Nd3 28. gxf5 Nxc1 29. fxe5 Nxb3 30. fxg6 hxg6 31. e6 1-0

[Event "Wch U16"]
[Site "Al Ain"]
[Date "2013.12.18"]
[Round "1"]
[White "Volna, Lukas"]
[Black "Gireman, Ja"]
[Result "0-1"]
[WhiteElo "1833"]
[BlackElo "2248"]
[PlyCount "106"]
[EventDate "2013.12.18"]
[EventType "swiss"]
[EventRounds "11"]
[EventCountry "UAE"]
[SourceTitle "CBM 158 Extra"]
[Source "ChessBase"]
[SourceDate "2014.02.28"]
[SourceVersion "1"]
[SourceVersionDate "2014.02.28"]
[SourceQuality "1"]

1. d4 Nf6 2. Nf3 g6 3. Bf4 Bg7 4. h3 0-0 5. Nfd2 c5 6. e3 Nc6 7. c3 cxd4 8. exd4 d6 9. Be2 Re8 10. Nc4 Nd5 11. Bh2 e5 12. 0-0 e4 13. Nbd2 Bf8 14. Qb3 Qg5 15. Kh1 Nf4 16. Bxf4 Qxf4 17. Ne3 Ne7 18. Bc4 Rd8 19. Rad1 Bh6 20. Nd5 Nxd5 21. Bxd5 Re8 22. Rfe1 e3 23. fxe3 Rxe3 24. Rxe3 Qxe3 25. Bxf7+ Kh8 26. Nf1 Qf2 27. Bd5 Bf5 28. Qxb7 Rf8 29. Qb5 Bf4 30. Bf3 Bxh3 31. Qd3 Bf5 32. Qe2 Qh4+ 33. Kg1 g5 34. Qf2 Qxf2+ 35. Kxf2 g4 36. Bd5 Bc2 37. Ra1 Bc1+ 38. Ke2 Bxb2 39. Re1 Re8+ 40. Ne3 Bxc3 41. Rc1 Bxd4 42. Rxc2 Rxe3+ 43. Kd2 Re5 44. Bb3 Bc5 45. Rc4 h5 46. Kd1 Kg7 47. Rf4 Kh6 48. Bc2 Kg5 49. Rf8 Kh4 50. Rf5 Rxf5 51. Bxf5 Kg3 52. Be4 Kf2 53. Bg6 Kxg2 0-1

[Event "Brno op 4th"]
[Site "Brno"]
[Date "2013.11.23"]
[Round "9"]
[White "Volna, Lukas"]
[Black "Veselsky, Jan"]
[Result "1/2-1/2"]
[WhiteElo "1815"]
[BlackElo "1695"]
[PlyCount "53"]
[EventDate "2013.11.16"]
[EventType "swiss"]
[EventRounds "9"]
[EventCountry "CZE"]
[SourceTitle "CBM 157 Extra"]
[Source "ChessBase"]
[SourceDate "2013.12.19"]
[SourceVersion "1"]
[SourceVersionDate "2013.12.19"]
[SourceQuality "1"]

1. Nf3 Nf6 2. g3 g6 3. Bg2 d5 4. 0-0 Bg7 5. d4 0-0 6. Bf4 Nbd7 7. Nbd2 Re8 8. Re1 Nh5 9. Be3 e5 10. dxe5 Nxe5 11. Nxe5 Bxe5 12. c3 c6 13. Nb3 Bg7 14. Qd2 Nf6 15. Bg5 Qb6 16. Be3 Qc7 17. Bf4 Qb6 18. Qd4 Qa6 19. Be5 Nh5 20. Bxg7 Nxg7 21. e4 dxe4 22. Bxe4 Bh3 23. Qb4 Ne6 24. a3 Rad8 25. Bg2 Bxg2 26. Kxg2 b6 27. Rad1 1/2-1/2

[Event "Brno op 4th"]
[Site "Brno"]
[Date "2013.11.21"]
[Round "7"]
[White "Volna, Lukas"]
[Black "Ben Natan, Yigal"]
[Result "0-1"]
[WhiteElo "1815"]
[BlackElo "2084"]
[PlyCount "112"]
[EventDate "2013.11.16"]
[EventType "swiss"]
[EventRounds "9"]
[EventCountry "CZE"]
[SourceTitle "CBM 157 Extra"]
[Source "ChessBase"]
[SourceDate "2013.12.19"]
[SourceVersion "1"]
[SourceVersionDate "2013.12.19"]
[SourceQuality "1"]

1. e4 e5 2. Nf3 Nc6 3. Bb5 a6 4. Ba4 Nf6 5. Qe2 b5 6. Bb3 Be7 7. 0-0 0-0 8. Rd1 Bb7 9. d3 Re8 10. Nbd2 Bf8 11. c3 d5 12. Nf1 Na5 13. Bc2 g6 14. Ng3 c5 15. Bg5 h6 16. Bd2 Qc7 17. Rac1 dxe4 18. dxe4 Nc4 19. b3 Nxd2 20. Rxd2 Rac8 21. Rcd1 c4 22. b4 a5 23. a3 Ra8 24. Bb1 axb4 25. axb4 Ra3 26. Rc1 h5 27. Ra2 Rxa2 28. Qxa2 Bh6 29. Rd1 Ra8 30. Qb2 Bc6 31. Bc2 Bf4 32. Ra1 Qb7 33. Rxa8+ Qxa8 34. Ne2 Bxe4 35. Nxf4 exf4 36. Bxe4 Qxe4 37. h3 Qd5 38. Nd4 Ne4 39. Qc1 Qe5 40. Qc2 Ng5 41. Qa2 Qe1+ 42. Kh2 Qxc3 43. Qa8+ Kh7 44. Qd5 Qd3 45. Qxg5 Qxd4 46. Qxb5 c3 47. Qe8 Kg7 48. Qe2 Qxb4 49. Qe5+ Kh7 50. Qc7 Qb3 51. Qxf4 c2 52. h4 Kg8 53. Qc1 Qb1 54. Qe3 c1Q 55. Qe8+ Kg7 56. Qe5+ Kh7 0-1

[Event "Brno op 4th"]
[Site "Brno"]
[Date "2013.11.20"]
[Round "6"]
[White "Kopecek, Ivan"]
[Black "Volna, Lukas"]
[Result "0-1"]
[WhiteElo "1912"]
[BlackElo "1815"]
[PlyCount "40"]
[EventDate "2013.11.16"]
[EventType "swiss"]
[EventRounds "9"]
[EventCountry "CZE"]
[SourceTitle "CBM 157 Extra"]
[Source "ChessBase"]
[SourceDate "2013.12.19"]
[SourceVersion "1"]
[SourceVersionDate "2013.12.19"]
[SourceQuality "1"]

1. e4 d6 2. d4 g6 3. Nc3 Bg7 4. Nf3 Nf6 5. Bd3 c6 6. Be3 Nbd7 7. 0-0 0-0 8. Qd2 Re8 9. Ng5 h6 10. Nh3 Ng4 11. f4 Nxe3 12. Qxe3 Qb6 13. Ne2 e5 14. c3 exd4 15. cxd4 Nf6 16. e5 Ng4 17. Qf3 dxe5 18. fxe5 Nxe5 19. Qf2 Bxh3 20. gxh3 Nxd3 0-1

[Event "SVK-chT2C 1314"]
[Site "Slovakia"]
[Date "2013.10.19"]
[Round "1.7"]
[White "Volna, Lukas"]
[Black "Hlavac, Pavol"]
[Result "1/2-1/2"]
[WhiteElo "1815"]
[BlackElo "1725"]
[PlyCount "30"]
[EventDate "2013.10.19"]
[EventType "team-tourn"]
[EventRounds "11"]
[EventCountry "SVK"]
[SourceTitle "EXT 2015"]
[Source "ChessBase"]
[SourceDate "2014.11.20"]
[SourceVersion "1"]
[SourceVersionDate "2014.11.20"]
[SourceQuality "1"]
[WhiteTeam "Rajecke Teplice"]
[BlackTeam "Liptovska Stiavnica"]
[WhiteTeamCountry "SVK"]
[BlackTeamCountry "SVK"]

1. e4 d5 2. exd5 Nf6 3. d4 Nxd5 4. c4 Nb6 5. Nf3 g6 6. Nc3 Bg7 7. Bf4 a6 8. Be2 0-0 9. 0-0 Bg4 10. c5 Nd5 11. Nxd5 Qxd5 12. Re1 Nc6 13. h3 Bxf3 14. Bxf3 Qxd4 15. Bxc6 bxc6 1/2-1/2

[Event "SVK-ch op"]
[Site "Banska Stiavnica"]
[Date "2013.07.08"]
[Round "3"]
[White "Horvath, Julia"]
[Black "Volna, Lukas"]
[Result "1/2-1/2"]
[WhiteElo "2183"]
[BlackElo "1809"]
[PlyCount "112"]
[EventDate "2013.07.06"]
[EventType "swiss"]
[EventRounds "9"]
[EventCountry "SVK"]
[SourceTitle "CBM 155 Extra"]
[Source "ChessBase"]
[SourceDate "2013.08.26"]
[SourceVersion "1"]
[SourceVersionDate "2013.08.26"]
[SourceQuality "1"]

1. d4 g6 2. c4 Bg7 3. e4 d6 4. Ne2 Nd7 5. Nbc3 c5 6. d5 Ngf6 7. Ng3 Nb6 8. Be2 a6 9. 0-0 0-0 10. a4 h5 11. f3 Nh7 12. Bd3 Nd7 13. f4 Bd4+ 14. Kh1 Ndf6 15. Nce2 e5 16. dxe6 fxe6 17. Nxd4 cxd4 18. Ne2 e5 19. Qe1 Qe8 20. Bd2 Bg4 21. h3 Bxe2 22. Qxe2 a5 23. c5 dxc5 24. fxe5 Qxe5 25. Bf4 Qe7 26. e5 Nd5 27. Bc4 Rad8 28. Qe4 Qe6 29. Bh6 Rfe8 30. Rf3 Rd6 31. Raf1 Qxe5 32. Qxe5 Rxe5 33. Bf4 Ree6 34. Bxd6 Rxd6 35. h4 Kh8 36. Bxd5 Rxd5 37. Rb3 Rd7 38. Rb6 Kg7 39. Kg1 d3 40. Re6 c4 41. Rd1 Nf6 42. Kf1 Kf7 43. Re5 b6 44. g3 Ng4 45. Re4 Kg7 46. Rd2 Kf7 47. Kg2 Rd5 48. Kf3 Ne5+ 49. Kf2 Ng4+ 50. Ke1 Ne5 51. Rf2+ Ke7 52. Kd2 Kd6 53. Ref4 Kc5 54. Kc3 Rd6 55. Re4 Rd5 56. Ref4 Rd7 1/2-1/2

[Event "Zilina Region-ch"]
[Site "Zilina"]
[Date "2013.05.17"]
[Round "1"]
[White "Piovar, Jaroslav"]
[Black "Volna, Lukas"]
[Result "0-1"]
[WhiteElo "1564"]
[BlackElo "1803"]
[PlyCount "103"]
[EventDate "2013.05.17"]
[EventType "swiss"]
[EventRounds "6"]
[EventCountry "SVK"]
[SourceTitle "CBM 154 Extra"]
[Source "ChessBase"]
[SourceDate "2013.06.25"]
[SourceVersion "2"]
[SourceVersionDate "2013.06.25"]
[SourceQuality "1"]

1. d4 Nf6 2. c4 e5 3. dxe5 Ng4 4. Bf4 Nc6 5. Nf3 Bb4+ 6. Nbd2 Qe7 7. e3 Ngxe5 8. Nxe5 Nxe5 9. Be2 d6 10. 0-0 0-0 11. Nb3 Bf5 12. a3 Bc5 13. Nxc5 dxc5 14. Qb3 b6 15. Rad1 Rad8 16. Rxd8 Rxd8 17. Rd1 Ng6 18. Bg3 Be4 19. Rxd8+ Qxd8 20. Qc3 h6 21. h3 a6 22. a4 Qd7 23. b3 c6 24. f3 Bf5 25. e4 Be6 26. f4 f5 27. e5 Qd4+ 28. Qxd4 cxd4 29. Bh5 Ne7 30. Bf2 c5 31. Be2 Bd7 32. g4 Kf7 33. Kg2 Bc6+ 34. Kg1 Be4 35. Bd1 Nc6 36. Be1 Ke6 37. Bg3 Nb4 38. gxf5+ Bxf5 39. Bg4 Nd3 40. Bh4 Nxf4 41. Bd8 Bxg4 42. hxg4 Kxe5 43. Bxb6 Ne6 44. Kf2 Kf4 45. g5 Kxg5 46. Kg3 Kf5 47. Kf2 g5 48. Ba5 h5 49. b4 cxb4 50. Bxb4 Ke4 51. c5 Kd5 52. Kf3 0-1

[Event "SVK-ch U16"]
[Site "Lubovna"]
[Date "2013.04.09"]
[Round "5"]
[White "Volna, Lukas"]
[Black "Podjavorinsky, Michal"]
[Result "1-0"]
[WhiteElo "1775"]
[BlackElo "1754"]
[PlyCount "83"]
[EventDate "2013.04.06"]
[EventType "swiss"]
[EventRounds "9"]
[EventCountry "SVK"]
[SourceTitle "CBM 153 Extra"]
[Source "ChessBase"]
[SourceDate "2013.04.22"]
[SourceVersion "1"]
[SourceVersionDate "2013.04.22"]
[SourceQuality "1"]

1. e4 d5 2. exd5 Qxd5 3. Nc3 Qa5 4. d4 c6 5. Nf3 Bg4 6. h3 Bf5 7. g4 Bg6 8. Ne5 Nf6 9. h4 h6 10. Nxg6 fxg6 11. Bd3 e6 12. Bxg6+ Kd7 13. Qe2 Bb4 14. Rh3 Rf8 15. a3 Nd5 16. Bd2 Na6 17. Nxd5 Bxd2+ 18. Qxd2 Qxd2+ 19. Kxd2 exd5 20. Bf5+ Kd6 21. Re1 Nc7 22. h5 Rae8 23. Rhe3 Rxe3 24. Rxe3 Re8 25. f4 Ne6 26. Rxe6+ Rxe6 27. Bxe6 Kxe6 28. Ke3 Kf6 29. b3 b6 30. c4 b5 31. cxb5 cxb5 32. Kf3 Ke6 33. Kg3 Kf6 34. b4 a6 35. Kf3 Ke6 36. g5 Kf5 37. g6 Ke6 38. Kg4 Kf6 39. f5 Ke7 40. Kf3 Kd7 41. Kf4 Kd6 42. f6 1-0